Let's Carve. (Record no. 2088)

MARC details
000 -LEADER
fixed length control field 00337nam a22001217a 4500
005 - DATE AND TIME OF LATEST TRANSACTION
control field 20200908152938.0
008 - FIXED-LENGTH DATA ELEMENTS--GENERAL INFORMATION
fixed length control field 200908b ||||| |||| 00| 0 eng d
020 ## - INTERNATIONAL STANDARD BOOK NUMBER
International Standard Book Number 0237447398
040 ## - CATALOGING SOURCE
Transcribing agency CML
245 ## - TITLE STATEMENT
Title Let's Carve.
Statement of responsibility, etc. Sayer, P.F.
260 ## - PUBLICATION, DISTRIBUTION, ETC.
Place of publication, distribution, etc. London
Name of publisher, distributor, etc. Evans Brothers
Date of publication, distribution, etc. 1974
942 ## - ADDED ENTRY ELEMENTS (KOHA)
Source of classification or shelving scheme Dewey Decimal Classification
Koha item type Books
Edition 1st Edition
Classification part 745
Call number suffix SAY
Holdings
Withdrawn status Lost status Source of classification or shelving scheme Damaged status Not for loan Collection code Home library Current library Shelving location Date acquired Total Checkouts Full call number Date last seen Copy number Price effective from Koha item type
    Dewey Decimal Classification     Technology (Applied Sciences) Chalimbana Main Library Chalimbana Main Library The Arts Fine & Decorative Arts 09/08/2020   745.5 SAY 09/08/2020 1 09/08/2020 Books

Powered by Koha